[Event "?"]
[Site "?"]
[Date "2014.04.16"]
[Round "1.1"]
[White "Diebel, Günter"]
[Black "Link, Andreas"]
[Result "0-1"]
[WhiteElo "1660"]
[BlackElo "1957"]
[PlyCount "102"]
[EventDate "2014.??.??"]
[WhiteTeam "SG Büchenbach/Roth e.V."]
[BlackTeam "Spvg Zabo-Eintracht Nürnberg e.V"]

1. e4 c5 2. Nf3 d6 3. Nc3 Nf6 4. Bb5+ Bd7 5. Qe2 a6 6. Bxd7+ Nbxd7 7. e5 dxe5
8. Nxe5 Nxe5 9. Qxe5 Qd6 10. Qxd6 exd6 11. d3 Kd7 12. Bg5 Re8+ 13. Kd2 Be7 14.
f3 b5 15. a3 h6 16. Bxf6 Bxf6 17. Rhe1 Re6 18. Re4 Rhe8 19. Rae1 d5 20. Rxe6
fxe6 21. b4 Rc8 22. Ne2 Bb2 23. c3 Bxa3 24. bxc5 Bxc5 25. d4 Bd6 26. f4 b4 27.
Ra1 bxc3+ 28. Kc2 Rc6 29. g3 Kc7 30. Ra4 Kb6 31. Nxc3 a5 32. Kd3 Bb4 33. Ne2
Kb5 34. Ra1 a4 35. g4 a3 36. h4 Ka4 37. h5 Rc4 38. f5 exf5 39. gxf5 Kb3 40. Rg1
Kb2 41. Rg2 Rc2 42. Rxg7 Rd2+ 43. Ke3 a2 44. Rg1 a1=Q 45. Rxa1 Kxa1 46. Nf4 Rh2
47. Nxd5 Bd6 48. Nf6 Kb2 49. Ke4 Kc2 50. Kd5 Ba3 51. Ne4 Rxh5 0-1

[Event "?"]
[Site "?"]
[Date "2014.04.16"]
[Round "1.2"]
[White "Konsek, Peter"]
[Black "Walter, Manfred"]
[Result "1-0"]
[WhiteElo "2051"]
[BlackElo "1742"]
[PlyCount "81"]
[EventDate "2014.??.??"]
[WhiteTeam "SW Nürnberg Süd e.V."]
[BlackTeam "SV Lauf a.d.P."]

1. e4 d6 2. d4 Nf6 3. Nc3 e5 4. dxe5 dxe5 5. Qxd8+ Kxd8 6. Bg5 Be6 7. g3 c6 8.
Bh3 Bb4 9. Bxe6 fxe6 10. Nge2 a5 11. a3 Bd6 12. O-O-O Ke7 13. Rd2 h6 14. Bxf6+
gxf6 15. Rhd1 Rd8 16. f4 Na6 17. f5 Nc5 18. g4 Rd7 19. b4 axb4 20. axb4 Na4 21.
Nxa4 Rxa4 22. c3 Ra1+ 23. Kb2 Rxd1 24. Rxd1 b5 25. Ng3 c5 26. fxe6 Kxe6 27. Rd5
cxb4 28. Rxb5 bxc3+ 29. Kxc3 Ba3 30. Nf5 Bc1 31. Rb6+ Kf7 32. Kc4 Kg6 33. h4
Bd2 34. Rb8 Be1 35. Rg8+ Kh7 36. Rf8 Kg6 37. Kc5 Bd2 38. Kc6 Rf7 39. Rd8 Bb4
40. Rh8 Rh7 41. h5+ 1-0

[Event "?"]
[Site "?"]
[Date "2014.04.16"]
[Round "1.3"]
[White "Weißmann, Peter"]
[Black "Gloth, Gerrit"]
[Result "0-1"]
[WhiteElo "1803"]
[BlackElo "1947"]
[PlyCount "60"]
[EventDate "2014.??.??"]
[WhiteTeam "SK Zirndorf e.V."]
[BlackTeam "SC Erlangen 48/88 e.V."]

1. e4 Nf6 2. e5 Nd5 3. d4 d6 4. c4 Nb6 5. f4 dxe5 6. fxe5 Nc6 7. Be3 Bf5 8. a3
e6 9. Nc3 Be7 10. Nf3 Bg4 11. Be2 Bxf3 12. Bxf3 Nxc4 13. Bxc6+ bxc6 14. Qf3 O-O
15. O-O f6 16. Qe4 Qd7 17. b3 f5 18. Qf3 Nxa3 19. Rxa3 Bxa3 20. Qh5 Rab8 21.
Qd1 Rfd8 22. g4 Rf8 23. gxf5 Rxf5 24. Rxf5 exf5 25. Qd3 Qe6 26. d5 cxd5 27.
Qxd5 Qxd5 28. Nxd5 Rxb3 29. Bxa7 Rb5 30. Nxc7 Rb7 0-1

[Event "?"]
[Site "?"]
[Date "2014.04.16"]
[Round "1.4"]
[White "Werner, Thomas"]
[Black "Holland, Arthur"]
[Result "1-0"]
[WhiteElo "2008"]
[BlackElo "1835"]
[PlyCount "81"]
[EventDate "2014.??.??"]
[WhiteTeam "SW Nürnberg Süd e.V."]
[BlackTeam "Spvg Zabo-Eintracht Nürnberg e.V"]

1. d4 e6 2. c4 Nf6 3. Nc3 Bb4 4. Qc2 c5 5. dxc5 Nc6 6. Nf3 O-O 7. a3 Bxc5 8. b4
Nd4 9. Nxd4 Bxd4 10. e3 Bxc3+ 11. Qxc3 Ne4 12. Qd4 f5 13. Bd3 b6 14. Bb2 Qf6
15. f3 Qxd4 16. Bxd4 Nf6 17. c5 Rb8 18. Be5 Ra8 19. Bd6 Re8 20. Ke2 Bb7 21.
Rhd1 Nd5 22. Rac1 Rac8 23. Bb5 Bc6 24. Ba6 Ba4 25. Rd2 Rc6 26. Bb7 f4 27. Bxc6
dxc6 28. Bxf4 e5 29. Bg3 Bb5+ 30. Kf2 e4 31. f4 g5 32. fxg5 Rf8+ 33. Bf4 Rxf4+
34. exf4 e3+ 35. Kf3 exd2 36. Rd1 bxc5 37. bxc5 Kf7 38. Rxd2 Ke6 39. g4 Ke7 40.
f5 Bc4 41. Ke4 1-0

[Event "?"]
[Site "?"]
[Date "2014.04.16"]
[Round "1.5"]
[White "Gawlas, Gunder"]
[Black "Corral, Carlos"]
[Result "0-1"]
[WhiteElo "1600"]
[BlackElo "1989"]
[PlyCount "44"]
[EventDate "2014.??.??"]
[WhiteTeam "SC Noris-Tarrasch Nürnberg 1873"]
[BlackTeam "SC Noris-Tarrasch Nürnberg 1873"]

1. e4 c5 2. Nf3 Nc6 3. Nc3 g6 4. d3 Bg7 5. Be2 Nf6 6. O-O O-O 7. Rb1 d5 8. exd5
Nxd5 9. Bd2 Nxc3 10. Bxc3 Bxc3 11. bxc3 Qa5 12. Qd2 Kg7 13. d4 cxd4 14. Nxd4
Rd8 15. Qe3 Qxa2 16. Nxc6 bxc6 17. Bd3 Qe6 18. Qg3 Qf6 19. Be4 Bf5 20. f3 Qxc3
21. Bxf5 Qc5+ 22. Kh1 Qxf5 0-1

[Event "?"]
[Site "?"]
[Date "2014.04.16"]
[Round "1.7"]
[White "Weidenhöfer, Robert"]
[Black "Luther, Helmut"]
[Result "1/2-1/2"]
[WhiteElo "1696"]
[BlackElo "1999"]
[PlyCount "87"]
[EventDate "2014.??.??"]
[WhiteTeam "SW Nürnberg Süd e.V."]
[BlackTeam "SW Nürnberg Süd e.V."]

1. b3 e5 2. Bb2 d6 3. e3 Nc6 4. c4 f5 5. d4 Nf6 6. d5 Ne7 7. Nc3 Ng6 8. Be2 Be7
9. Bh5 Nxh5 10. Qxh5 Bd7 11. Nh3 a6 12. O-O O-O 13. f4 Be8 14. Ng5 h6 15. Ne6
Nxf4 16. Nxd8 Nxh5 17. Nxb7 Rb8 18. Na5 Bg5 19. Rae1 Bd8 20. Nc6 Bxc6 21. dxc6
Rb6 22. Rf3 Rxc6 23. Ref1 g6 24. g4 Ng7 25. gxf5 Rxf5 26. e4 Rxf3 27. Rxf3 Nh5
28. Nd5 a5 29. a4 Kg7 30. Bc1 Ra6 31. Bb2 c6 32. Ne3 Nf6 33. c5 Bc7 34. Nc4
Nxe4 35. cxd6 Bd8 36. Bxe5+ Bf6 37. d7 Ra8 38. Bc7 Bd8 39. Bxa5 Nc5 40. Bc3+
Kg8 41. Ne5 Bb6 42. Bd4 Nxd7 43. Bxb6 Nxe5 44. Re3 1/2-1/2

[Event "?"]
[Site "?"]
[Date "2014.04.16"]
[Round "1.8"]
[White "Süß, Helmut"]
[Black "Dreiseitel, Werner"]
[Result "1-0"]
[WhiteElo "1971"]
[BlackElo "1551"]
[PlyCount "105"]
[EventDate "2014.??.??"]
[WhiteTeam "SC Noris-Tarrasch Nürnberg 1873"]
[BlackTeam "SC Noris-Tarrasch Nürnberg 1873"]

1. d4 d5 2. c4 c6 3. Nf3 Nf6 4. Nc3 e6 5. cxd5 exd5 6. Bg5 Be7 7. e3 Bf5 8. Be2
h6 9. Bh4 O-O 10. O-O Nbd7 11. a3 a6 12. b4 Re8 13. Qb3 Ne4 14. Nxe4 Bxe4 15.
Bg3 Nf6 16. Ne5 Bh7 17. Bd3 Bxd3 18. Nxd3 Ne4 19. Ra2 Bd6 20. Nc5 Qc7 21. Rc2
Bxg3 22. hxg3 Nd6 23. Rfc1 Nc4 24. Rxc4 dxc4 25. Qxc4 Re7 26. Nd3 Qd6 27. Ne5
Qd5 28. Qc2 Rd8 29. Qe2 Qe4 30. Rc5 Rd5 31. Nc4 Rxc5 32. bxc5 Qd5 33. Qf1 Qd7
34. Nd6 Kf8 35. Kh2 Qe6 36. Kg1 Qd7 37. Qb1 Kg8 38. a4 Kh8 39. Qb3 Kg8 40. a5
Qc7 41. Qc3 Kf8 42. g4 Qd8 43. e4 Rd7 44. e5 Qe7 45. f4 Qh4 46. Qh3 Qe1+ 47.
Kh2 Qxa5 48. g5 Qd2 49. Qxd7 Qxf4+ 50. Kh3 Qe3+ 51. g3 Kg8 52. Qxf7+ Kh8 53.
Qe8+ 1-0

[Event "?"]
[Site "?"]
[Date "2014.04.16"]
[Round "1.9"]
[White "Faralisz, Patrick"]
[Black "Cordts, Elof"]
[Result "0-1"]
[WhiteElo "1435"]
[BlackElo "1763"]
[PlyCount "66"]
[EventDate "2014.??.??"]
[WhiteTeam "SC Noris-Tarrasch Nürnberg 1873"]
[BlackTeam "SC Erlangen 48/88 e.V."]

1. e4 c5 2. Nf3 d6 3. d4 cxd4 4. Nxd4 Nf6 5. Nc3 a6 6. f3 e5 7. Nb3 Be7 8. Be3
Be6 9. Qd2 O-O 10. O-O-O a5 11. Qf2 a4 12. Bb6 Qc8 13. Nd2 Nfd7 14. Be3 Na6 15.
Nxa4 Nb4 16. Nc3 Rxa2 17. g4 Ra1+ 18. Ndb1 Qa8 19. Bb5 Na2+ 20. Kd2 Qa5 21. Ke2
Rc8 22. Bd3 Nc5 23. Rhe1 Qb4 24. Nxa2 Rxa2 25. Bc1 Nxd3 26. cxd3 Rc2+ 27. Rd2
Bg5 28. Red1 Bxd2 29. Nxd2 Qa5 30. Qh4 g6 31. Qf6 Ra1 32. h4 Raxc1 33. Rxc1
Qxd2+ 0-1

[Event "?"]
[Site "?"]
[Date "2014.04.16"]
[Round "1.10"]
[White "Schanz, Karlheinz"]
[Black "Dreiseitel, Ursula"]
[Result "1-0"]
[WhiteElo "1914"]
[BlackElo "1503"]
[PlyCount "61"]
[EventDate "2014.??.??"]
[WhiteTeam "SC Mühlhof-Reichelsdorf e.V."]
[BlackTeam "SC Noris-Tarrasch Nürnberg 1873"]

1. e4 e6 2. f4 d5 3. Nc3 a6 4. g3 dxe4 5. Nxe4 Nf6 6. Nxf6+ Qxf6 7. Nf3 Nd7 8.
Bg2 Rb8 9. d4 b5 10. Ne5 c5 11. c3 Nb6 12. O-O Nd5 13. Qe2 cxd4 14. Ng4 Qd8 15.
cxd4 Be7 16. Ne5 Bb7 17. f5 exf5 18. Rxf5 O-O 19. Bd2 Bf6 20. Re1 Re8 21. Qf2
Ne7 22. Rxf6 gxf6 23. Qxf6 Rf8 24. Bh6 Qxd4+ 25. Re3 Qd1+ 26. Kf2 Qc2+ 27. Re2
Qc5+ 28. Ke1 Qb4+ 29. Rd2 Nf5 30. Qxf5 Bxg2 31. Qg5+ 1-0

[Event "?"]
[Site "?"]
[Date "2014.04.16"]
[Round "1.11"]
[White "Forche, Peter"]
[Black "Schöne, Steffen"]
[Result "0-1"]
[WhiteElo "1358"]
[BlackElo "1694"]
[PlyCount "78"]
[EventDate "2014.??.??"]
[WhiteTeam "Spvg Zabo-Eintracht Nürnberg e.V"]
[BlackTeam "Spvg Zabo-Eintracht Nürnberg e.V"]

1. d4 Nf6 2. Nf3 g6 3. Bf4 Bg7 4. e3 d6 5. h3 O-O 6. c3 c5 7. Nbd2 Nc6 8. Be2
b6 9. O-O Bb7 10. a3 Qc7 11. b4 Nd5 12. Rc1 Nxf4 13. exf4 Bh6 14. b5 Nd8 15. g3
Qd7 16. Kh2 Ne6 17. dxc5 Nxc5 18. Ng5 Bg7 19. c4 h6 20. Bg4 f5 21. Bf3 hxg5 22.
Bxb7 Qxb7 23. fxg5 Rac8 24. Nf3 Ne4 25. Qe2 Rc7 26. h4 Rfc8 27. Rc2 d5 28. Nd2
e5 29. Nxe4 fxe4 30. Rfc1 d4 31. Qg4 Rf7 32. c5 bxc5 33. Rxc5 Rxc5 34. Rxc5
Rxf2+ 35. Kg1 Qf7 36. Rc8+ Kh7 37. Qd1 Qa2 38. h5 Rg2+ 39. Kh1 Rh2+ 0-1

[Event "?"]
[Site "?"]
[Date "2014.04.16"]
[Round "1.12"]
[White "Balhar, Michael"]
[Black "Stohl, Tristan"]
[Result "1-0"]
[WhiteElo "1731"]
[BlackElo "1355"]
[PlyCount "129"]
[EventDate "2014.??.??"]
[WhiteTeam "SC Erlangen 48/88 e.V."]
[BlackTeam "SK Schwabach 1907 e.V."]

1. d4 f5 2. c4 Nf6 3. Bg5 e6 4. Nc3 h6 5. Bxf6 Qxf6 6. Nf3 b6 7. g3 Bb7 8. Bg2
Bb4 9. Qb3 Nc6 10. e3 O-O 11. O-O Bxc3 12. Qxc3 Rab8 13. b4 Ne7 14. Ne5 Rfd8
15. Qa3 Bxg2 16. Kxg2 Ra8 17. Qa4 d6 18. Nd3 Qg6 19. c5 Qe8 20. Qb3 Nd5 21.
Rac1 Qc6 22. Kg1 Qe8 23. cxb6 cxb6 24. b5 Rdc8 25. Nb2 Nf6 26. Nc4 d5 27. Nd6
Qd7 28. Rxc8+ Rxc8 29. Nxc8 Qxc8 30. Qb2 Ne4 31. Rc1 Qd7 32. a4 Nd6 33. Rc6 Nc4
34. Qb4 a5 35. Qc3 Kf7 36. Rxc4 dxc4 37. Qxc4 Kf6 38. Qc6 Qxc6 39. bxc6 Ke7 40.
Kf1 Kd6 41. Ke2 Kxc6 42. Kd3 b5 43. axb5+ Kxb5 44. Kc3 a4 45. f3 a3 46. Kb3 a2
47. Kxa2 Kc4 48. f4 g5 49. fxg5 hxg5 50. h4 f4 51. exf4 gxf4 52. gxf4 Kxd4 53.
h5 e5 54. h6 exf4 55. h7 f3 56. h8=Q+ Ke3 57. Qe5+ Kd2 58. Qd4+ Ke2 59. Qe4+
Kf2 60. Kb2 Kg2 61. Kc2 Kg3 62. Kd2 f2 63. Ke2 f1=Q+ 64. Kxf1 Kh2 65. Qg2# 1-0

[Event "?"]
[Site "?"]
[Date "2014.04.16"]
[Round "1.13"]
[White "Dresel, Martin"]
[Black "Babichev, Vyacheslav"]
[Result "0-1"]
[WhiteElo "1260"]
[BlackElo "1803"]
[PlyCount "54"]
[EventDate "2014.??.??"]
[WhiteTeam "SC Erlangen 48/88 e.V."]
[BlackTeam "SW Nürnberg Süd e.V."]

1. d4 Nf6 2. Nf3 e6 3. c4 Be7 4. Nc3 d5 5. Bg5 h6 6. Bh4 c6 7. e3 Nbd7 8. Qc2
O-O 9. Bg3 Nh5 10. Ne5 Nxg3 11. Nxd7 Nxh1 12. Nxf8 Bxf8 13. O-O-O Qh4 14. cxd5
exd5 15. f3 Qxh2 16. e4 Be6 17. Bd3 Qf4+ 18. Kb1 Ng3 19. exd5 cxd5 20. Ka1 g6
21. Bxg6 a6 22. Bd3 Rc8 23. Qf2 Bg7 24. Bb1 Rc4 25. Bd3 Bxd4 26. Ne2 Bxf2 27.
Nxf4 Rxf4 0-1

[Event "?"]
[Site "?"]
[Date "2014.04.16"]
[Round "2.1"]
[White "Link, Andreas"]
[Black "Schanz, Karlheinz"]
[Result "1/2-1/2"]
[WhiteElo "1957"]
[BlackElo "1914"]
[PlyCount "84"]
[EventDate "2014.??.??"]
[WhiteTeam "Spvg Zabo-Eintracht Nürnberg e.V"]
[BlackTeam "SC Mühlhof-Reichelsdorf e.V."]

1. d4 f5 2. Nf3 Nf6 3. g3 d6 4. Bg2 c6 5. c4 Qc7 6. Nc3 e5 7. dxe5 dxe5 8. e4
fxe4 9. Ng5 Bb4 10. O-O Bf5 11. Ncxe4 Nbd7 12. Qe2 O-O 13. c5 Nxe4 14. Bxe4
Bxc5 15. Qc4+ Kh8 16. Bxf5 Rxf5 17. Nf7+ Rxf7 18. Qxf7 Rf8 19. Qb3 Bd4 20. Be3
Nf6 21. Bxd4 exd4 22. Rae1 c5 23. Qc4 b6 24. Re2 Qd7 25. Qe6 Qxe6 26. Rxe6 Kg8
27. Rd1 Kf7 28. Rc6 Re8 29. b4 Re6 30. Rc8 Re8 31. Rxe8 Kxe8 32. bxc5 bxc5 33.
Rc1 Nd7 34. Kf1 Ke7 35. Ke2 Kd6 36. f4 Kd5 37. Kd3 Nb6 38. Re1 c4+ 39. Kd2 d3
40. Kc3 Na4+ 41. Kb4 Nb2 42. Kc3 Na4+ 1/2-1/2

[Event "?"]
[Site "?"]
[Date "2014.04.16"]
[Round "2.2"]
[White "Cordts, Elof"]
[Black "Konsek, Peter"]
[Result "1-0"]
[WhiteElo "1763"]
[BlackElo "2051"]
[PlyCount "107"]
[EventDate "2014.??.??"]
[WhiteTeam "SC Erlangen 48/88 e.V."]
[BlackTeam "SW Nürnberg Süd e.V."]

1. c4 Nf6 2. Nc3 g6 3. Nf3 Bg7 4. g3 O-O 5. Bg2 d6 6. O-O c5 7. d4 Nc6 8. dxc5
dxc5 9. Be3 Be6 10. b3 Ng4 11. Bd2 Nd4 12. e3 Nxf3+ 13. Bxf3 Qd7 14. Qc2 Ne5
15. Bg2 Bh3 16. Rad1 Bxg2 17. Kxg2 Rfd8 18. Bc1 Qe6 19. Nd5 b5 20. f3 Rd7 21.
Nf4 Qc6 22. Rxd7 Qxd7 23. Rd1 Qb7 24. e4 bxc4 25. bxc4 Nc6 26. Rd5 Nd4 27. Qb2
Qb6 28. Qa3 Qb7 29. Qxc5 Qb1 30. Be3 Qxa2+ 31. Bf2 e5 32. Nd3 Qe2 33. Ne1 Bh6
34. Rxd4 Be3 35. Rd8+ Rxd8 36. Qxe3 Qxc4 37. Qxa7 Qb5 38. Qc5 Qb2 39. Qc2 Qa1
40. Nd3 Qa5 41. Be1 Qa6 42. Nxe5 Rc8 43. Qb3 Rc7 44. Bf2 Qd6 45. Ng4 h5 46. e5
Qc6 47. Nf6+ Kg7 48. Qe3 Qe6 49. Qg5 Kf8 50. Qh6+ Ke7 51. Ng8+ Ke8 52. Qh8 Rc8
53. Nf6+ Ke7 54. Bc5+ 1-0

[Event "?"]
[Site "?"]
[Date "2014.04.16"]
[Round "2.3"]
[White "Gloth, Gerrit"]
[Black "Balhar, Michael"]
[Result "1/2-1/2"]
[WhiteElo "1947"]
[BlackElo "1731"]
[PlyCount "101"]
[EventDate "2014.??.??"]
[WhiteTeam "SC Erlangen 48/88 e.V."]
[BlackTeam "SC Erlangen 48/88 e.V."]

1. e4 e6 2. d3 c5 3. g3 d5 4. Nd2 Nc6 5. Bg2 dxe4 6. dxe4 Nf6 7. Ngf3 Be7 8.
O-O O-O 9. e5 Nd7 10. Qe2 Qc7 11. Re1 Nb4 12. Nf1 b6 13. a3 Ba6 14. c4 Nc6 15.
b3 Rad8 16. Bb2 Rfe8 17. h4 Nf8 18. Rad1 Rxd1 19. Rxd1 Bb7 20. Rd3 Rd8 21. N1d2
Ng6 22. Rxd8+ Bxd8 23. h5 Nf8 24. Qe3 h6 25. g4 Nh7 26. Ne4 Na5 27. Nd6 Bc6 28.
Qd3 Be7 29. Nxf7 Kxf7 30. Qxh7 Qd7 31. g5 hxg5 32. Qg6+ Kf8 33. Nxg5 Bxg5 34.
Qxg5 Bxg2 35. Kxg2 Nxb3 36. Qf4+ Kg8 37. Qe4 Nd2 38. Qe2 Qc6+ 39. f3 Nb3 40.
Qd3 Na5 41. Bc1 Qe8 42. Bd2 Nc6 43. Qe4 Qd7 44. Be3 Ne7 45. Kh3 Nf5 46. Bf2 Qd8
47. Kg2 Qd2 48. Qa8+ Kh7 49. Qe8 Qg5+ 50. Kf1 Qc1+ 51. Kg2 1/2-1/2

[Event "?"]
[Site "?"]
[Date "2014.04.16"]
[Round "2.4"]
[White "Schöne, Steffen"]
[Black "Werner, Thomas"]
[Result "1-0"]
[WhiteElo "1694"]
[BlackElo "2008"]
[PlyCount "65"]
[EventDate "2014.??.??"]
[WhiteTeam "Spvg Zabo-Eintracht Nürnberg e.V"]
[BlackTeam "SW Nürnberg Süd e.V."]

1. d4 c6 2. c4 d5 3. cxd5 cxd5 4. Nf3 Nc6 5. Nc3 Nf6 6. Bf4 a6 7. Rc1 e6 8. e3
Bd6 9. Bg3 O-O 10. Bd3 Qe7 11. Ne5 Nd7 12. f4 Nb4 13. Bb1 f6 14. Nf3 Rd8 15. a3
Nc6 16. O-O Nf8 17. Bh4 Bd7 18. Ne5 Be8 19. f5 Nxe5 20. dxe5 Bxe5 21. fxe6 d4
22. Ne4 dxe3 23. Qg4 Qxe6 24. Ba2 Qxa2 25. Bxf6 Bxf6 26. Nxf6+ Kh8 27. Rc7 Bg6
28. Nh5 Qe6 29. Rxf8+ Rxf8 30. Qxe6 Bxh5 31. Qe5 Bf7 32. Qxe3 Rae8 33. Rxf7 1-0

[Event "?"]
[Site "?"]
[Date "2014.04.16"]
[Round "2.5"]
[White "Corral, Carlos"]
[Black "Kröger, Joachim"]
[Result "1-0"]
[WhiteElo "1989"]
[BlackElo "1685"]
[PlyCount "182"]
[EventDate "2014.??.??"]
[WhiteTeam "SC Noris-Tarrasch Nürnberg 1873"]
[BlackTeam "SK Rothenburg e.V."]

1. Nc3 Nf6 2. e4 e5 3. Nf3 Nc6 4. d4 exd4 5. Nxd4 Bb4 6. Nxc6 Bxc3+ 7. bxc3
dxc6 8. Qxd8+ Kxd8 9. Bg5 h6 10. O-O-O+ Ke7 11. Bh4 g5 12. Bg3 Be6 13. f3 Rac8
14. Kb2 c5 15. Be5 Rhe8 16. Bb5 Nd7 17. Bg3 a6 18. Be2 Red8 19. Bf2 b6 20. a3
a5 21. c4 Ne5 22. Kc3 Rxd1 23. Rxd1 Rd8 24. Rxd8 Kxd8 25. Be3 Ng6 26. g3 Ke7
27. f4 gxf4 28. gxf4 f5 29. Bd3 Kf6 30. e5+ Ke7 31. Kd2 Bd7 32. Ke2 Kf7 33. Kf2
Be6 34. Kg3 Kg7 35. Be2 Kf7 36. h4 Kg7 37. h5 Ne7 38. c3 Kf7 39. Bf2 Ke8 40.
Kf3 Kf7 41. Bh4 Nc6 42. Ke3 Ne7 43. Kd3 Ke8 44. Bf3 Kf7 45. Bd1 Bd7 46. Bf6 Bc6
47. Ke3 Bd7 48. Bf3 Be6 49. Kd3 Bd7 50. Bb7 c6 51. Bh4 Ke6 52. Bf6 Kf7 53. Ke3
Ke6 54. Bg7 Ng8 55. Bf8 Ne7 56. Bxh6 Be8 57. Bg5 Bxh5 58. Bxe7 Kxe7 59. Bxc6
Bd1 60. Kf2 Kf7 61. Kg3 Kg6 62. Kh4 Be2 63. Be8+ Kh6 64. Bf7 b5 65. cxb5 Bxb5
66. Kg3 Bc6 67. Kf2 Kg7 68. Be6 Be4 69. Ke3 Kh6 70. Bd7 Kg6 71. Kd2 Kf7 72. Kc1
Ke7 73. Bb5 Ke6 74. Kb2 Kd5 75. Kb3 c4+ 76. Bxc4+ Kc5 77. Bf7 Bc6 78. Kc2 Be4+
79. Kd2 Bb1 80. Ke3 Be4 81. Kf2 Kc6 82. Kg3 Kd7 83. Kh4 Ke7 84. Bb3 Bd3 85. Kg5
Be4 86. Kg6 Bd3 87. Ba4 Be4 88. Bb5 Bc2 89. Bf1 Ke6 90. Ba6 Kd5 91. Bc8 Ke4 1-0

[Event "?"]
[Site "?"]
[Date "2014.04.16"]
[Round "2.6"]
[White "Babichev, Vyacheslav"]
[Black "Diller, Peter"]
[Result "0-1"]
[WhiteElo "1803"]
[BlackElo "1987"]
[PlyCount "178"]
[EventDate "2014.??.??"]
[WhiteTeam "SW Nürnberg Süd e.V."]
[BlackTeam "SK Rothenburg e.V."]

1. b3 e6 2. Bb2 d5 3. Nf3 c5 4. e3 Nf6 5. Ne5 a6 6. f4 Bd6 7. Be2 Nbd7 8. O-O
b5 9. Rf3 O-O 10. Rg3 Bxe5 11. fxe5 Ne4 12. Rg4 f5 13. Rf4 Qc7 14. d3 Ng5 15.
h4 Nf7 16. d4 Bb7 17. Nd2 Nh8 18. h5 Nf7 19. c3 g5 20. hxg6 hxg6 21. Qe1 Kg7
22. Rh4 Rh8 23. Rxh8 Rxh8 24. Qg3 Rh6 25. Nf3 Qd8 26. Kf2 g5 27. Rg1 g4 28. Ke1
c4 29. b4 a5 30. a3 axb4 31. cxb4 Nb6 32. Bd1 Bc6 33. Bc1 Rh7 34. Bc2 Kf8 35.
Nd2 Ng5 36. Rf1 Ke7 37. Qf4 Qg8 38. Bb2 Bd7 39. Kd1 Rh5 40. Ke2 Kd8 41. Rg1 Nc8
42. Nf1 Ne7 43. Ng3 Ng6 44. Qf1 Rh2 45. Bc1 Nh4 46. Kd1 Qh7 47. Bd2 Ng6 48. Rh1
Kc7 49. Qg1 Rxh1 50. Qxh1 Qxh1+ 51. Nxh1 Nh4 52. g3 Nhf3 53. Bc1 Bc6 54. Ke2
Kd8 55. Nf2 Ke7 56. Nd1 Kd7 57. Nf2 Nf7 58. Bd1 N3g5 59. Kf1 Ke7 60. Kg2 Nh7
61. Bd2 Nf8 62. Bc2 Nd7 63. Nd1 Nb6 64. Nc3 Nxe5 65. dxe5 d4+ 66. Kf2 dxc3 67.
Bxc3 Be4 68. Bd4 Nd5 69. Bxe4 fxe4 70. Ke2 Kd7 71. Kd2 Ne7 72. Ke2 Kc6 73. Kd2
Kd5 74. Kc3 Nf5 75. a4 Kc6 76. a5 Nxg3 77. Kd2 Nf5 78. Bc3 Ne7 79. Ke2 Nd5 80.
Bd2 c3 81. Be1 Nxb4 82. Bxc3 Nd5 83. Bd4 Kb7 84. Kf2 Ka6 85. Kg3 Kxa5 86. Kxg4
b4 87. Kg5 Kb5 88. Kg6 Kc6 89. Kf7 Kd7 0-1

[Event "?"]
[Site "?"]
[Date "2014.04.16"]
[Round "2.7"]
[White "Majid, Hakim"]
[Black "Süß, Helmut"]
[Result "0-1"]
[WhiteElo "1208"]
[BlackElo "1971"]
[PlyCount "74"]
[EventDate "2014.??.??"]
[WhiteTeam "SW Nürnberg Süd e.V."]
[BlackTeam "SC Noris-Tarrasch Nürnberg 1873"]

1. e4 c6 2. d4 d5 3. e5 Bf5 4. Nf3 e6 5. Bg5 Be7 6. Be3 Nd7 7. Be2 Qb6 8. Qc1
c5 9. O-O Bg6 10. c3 Rc8 11. Qd2 cxd4 12. Bxd4 Bc5 13. b3 Ne7 14. Qe3 Nf5 15.
Qf4 Nxd4 16. cxd4 Be7 17. Nbd2 O-O 18. Rac1 Ba3 19. Rxc8 Rxc8 20. Qg4 Be7 21.
Qf4 Nf8 22. g4 h6 23. h4 Qd8 24. Qg3 Be4 25. g5 hxg5 26. Nxg5 Bxg5 27. hxg5 Bf5
28. Kg2 Nh7 29. f4 Rc2 30. Rd1 Qa5 31. Qe3 Nf8 32. a4 Ng6 33. Nf3 Rxe2+ 34.
Qxe2 Nxf4+ 35. Kf2 Nxe2 36. Kxe2 Qc3 37. Rg1 Bd3+ 0-1

[Event "?"]
[Site "?"]
[Date "2014.04.16"]
[Round "2.8"]
[White "Münzenberg, Dietrich"]
[Black "Weidenhöfer, Robert"]
[Result "0-1"]
[WhiteElo "1728"]
[BlackElo "1696"]
[PlyCount "78"]
[EventDate "2014.??.??"]
[WhiteTeam "Spvg Zabo-Eintracht Nürnberg e.V"]
[BlackTeam "SW Nürnberg Süd e.V."]

1. d4 b6 2. c4 e6 3. Nf3 Bb7 4. Nc3 Nf6 5. Qc2 d5 6. cxd5 Nxd5 7. e4 Nb4 8. Qb3
c5 9. a3 cxd4 10. Bb5+ N4c6 11. Ne2 a6 12. Bd3 Be7 13. Bf4 O-O 14. Qc4 b5 15.
Qc2 f6 16. h4 e5 17. Bd2 Nd7 18. Qb3+ Kh8 19. Nc1 Nc5 20. Qd1 Nxd3+ 21. Nxd3
Na5 22. Qe2 Nc4 23. Bc1 Rc8 24. b3 Qa5+ 25. b4 Qc7 26. O-O Qd7 27. Nh2 f5 28.
exf5 Qxf5 29. f3 Bxh4 30. g4 Qf6 31. f4 e4 32. Nc5 d3 33. Qg2 Qxa1 34. Bd2 Qd4+
35. Kh1 Bd5 36. Nb3 Qb2 37. Nc5 Qxd2 38. Qxd2 Nxd2 39. Kg1 Nxf1 0-1

[Event "?"]
[Site "?"]
[Date "2014.04.16"]
[Round "2.9"]
[White "Luther, Helmut"]
[Black "Diebel, Günter"]
[Result "1-0"]
[WhiteElo "1999"]
[BlackElo "1660"]
[PlyCount "95"]
[EventDate "2014.??.??"]
[WhiteTeam "SW Nürnberg Süd e.V."]
[BlackTeam "SG Büchenbach/Roth e.V."]

1. d4 d5 2. Nf3 Nc6 3. g3 Bf5 4. Bg2 h6 5. O-O Qd7 6. c4 Nf6 7. Nc3 e6 8. Ne5
Nxe5 9. dxe5 Ne4 10. cxd5 Nxc3 11. bxc3 exd5 12. Qxd5 Qxd5 13. Bxd5 c6 14. Bg2
Bc5 15. Kh1 Ke7 16. a4 Ke6 17. e4 Bh7 18. f4 Rad8 19. Rb1 b6 20. c4 Rd4 21. f5+
Ke7 22. a5 Rxc4 23. axb6 Bxb6 24. Ba3+ c5 25. Bb2 Rd8 26. Rfd1 Rxd1+ 27. Rxd1
Rb4 28. Bc3 Rc4 29. Ba1 a5 30. h3 a4 31. Kh2 Bc7 32. Rd3 Ba5 33. g4 Bb4 34. Rd1
a3 35. Bf1 Rc2+ 36. Kg3 Rd2 37. Rxd2 Bxd2 38. e6 f6 39. Bc4 Be1+ 40. Kf3 g6 41.
Ke2 Ba5 42. Kd3 gxf5 43. exf5 Be1 44. Bc3 Bg3 45. Bd2 h5 46. Bc1 hxg4 47. hxg4
Be5 48. Bxa3 1-0

[Event "?"]
[Site "?"]
[Date "2014.04.16"]
[Round "2.10"]
[White "Walter, Manfred"]
[Black "Faralisz, Patrick"]
[Result "1-0"]
[WhiteElo "1742"]
[BlackElo "1435"]
[PlyCount "55"]
[EventDate "2014.??.??"]
[WhiteTeam "SV Lauf a.d.P."]
[BlackTeam "SC Noris-Tarrasch Nürnberg 1873"]

1. c4 c6 2. g3 d5 3. Bg2 Nf6 4. Nf3 a6 5. b3 b5 6. Qc2 g6 7. Bb2 Bf5 8. d3 Bg7
9. O-O O-O 10. Nbd2 dxc4 11. bxc4 Nbd7 12. Nd4 bxc4 13. Nxc4 Rc8 14. Nxc6 Qe8
15. Ba3 Ng4 16. Nxe7+ Kh8 17. Nxc8 Bxa1 18. Bxf8 Qxf8 19. Rxa1 Qxc8 20. Rc1 Qc5
21. Qc3+ Kg8 22. d4 Qf8 23. e4 Bxe4 24. Bxe4 Ndf6 25. f3 Nxe4 26. fxe4 Qh6 27.
Qd2 Nxh2 28. Qxh6 1-0

[Event "?"]
[Site "?"]
[Date "2014.04.16"]
[Round "2.11"]
[White "Dreiseitel, Ursula"]
[Black "Weißmann, Peter"]
[Result "0-1"]
[WhiteElo "1503"]
[BlackElo "1803"]
[PlyCount "74"]
[EventDate "2014.??.??"]
[WhiteTeam "SC Noris-Tarrasch Nürnberg 1873"]
[BlackTeam "SK Zirndorf e.V."]

1. d4 Nf6 2. Nf3 e6 3. Bf4 b6 4. Nbd2 Bb7 5. e3 d5 6. Bd3 Nbd7 7. O-O c5 8. c3
Be7 9. h3 Ne4 10. Ne5 Nxe5 11. Bxe5 Nxd2 12. Qxd2 O-O 13. Qe2 f5 14. g4 Bf6 15.
Bxf6 Qxf6 16. f4 c4 17. Bc2 b5 18. gxf5 exf5 19. Qh5 Bc6 20. Kh2 Qf7 21. Qg5
Rae8 22. Rae1 Re6 23. Re2 Qf6 24. Rg1 Qxg5 25. Rxg5 g6 26. Re1 h6 27. Rg3 Kh7
28. h4 h5 29. Kg2 a5 30. a3 Rb8 31. Ra1 b4 32. a4 bxc3 33. bxc3 Rb2 34. Rc1
Bxa4 35. Kf3 Bxc2 36. Rxc2 Rxc2 37. Rg1 Rxc3 0-1

[Event "?"]
[Site "?"]
[Date "2014.04.16"]
[Round "2.12"]
[White "Holland, Arthur"]
[Black "Forche, Peter"]
[Result "1/2-1/2"]
[WhiteElo "1835"]
[BlackElo "1358"]
[PlyCount "60"]
[EventDate "2014.??.??"]
[WhiteTeam "Spvg Zabo-Eintracht Nürnberg e.V"]
[BlackTeam "Spvg Zabo-Eintracht Nürnberg e.V"]

1. e4 e6 2. d4 d5 3. e5 c5 4. Nf3 Nc6 5. c3 Qb6 6. Be2 Bd7 7. O-O cxd4 8. cxd4
Nge7 9. Na3 Nf5 10. Nc2 Be7 11. b4 a6 12. Rb1 Na7 13. Ne3 Nxe3 14. fxe3 Nb5 15.
Qb3 Rc8 16. Bd2 O-O 17. a4 Na7 18. a5 Qd8 19. Rbc1 Bb5 20. Rxc8 Qxc8 21. Rc1
Qd7 22. Bxb5 Nxb5 23. Qc2 g6 24. Ne1 f6 25. Nd3 fxe5 26. Nxe5 Qd6 27. Nxg6 hxg6
28. Qxg6+ Kh8 29. Qh6+ Kg8 30. Qg6+ Kh8 1/2-1/2